000 00310nam a22001217a 4500
008 160510b xxu||||| |||| 00| 0 eng d
020 _a9780072351132
020 _a0072351136
041 _aeng
080 _a611
245 _aAnatomy Phsiology:
_cRod R. Seeley; Trent D. Stephens; Philip Tate;
942 _2udc
_cBK
999 _c1952
_d1952